000 00447nam a2200181Ia 4500
003 LK-CoDNM
005 20240417152452.0
008 010623t1953 xxu||||| |||| 00| 1 sin d
040 _aLK-CoDNM
_dLK-CoDNM
_eLK-CoDNM
041 _asin
080 _aඡ10
100 _aSirisena,K.M
245 _aහිත් ගැනීම
246 _aHith Geniima
260 _bMacallum Book Shop
_aColombo
_c1953
300 _a183p.,21 cm
942 _cBK
999 _c103344
_d103344